000
00284nam a22001337a 4500
008
180919b xxu||||| |||| 00| 0 eng d
020
_a
9783642048326
041
_a
eng
080
_a
510
100
_a
37
101
_a
MAT
245
_a
Figuring IT Out
_c
Crato.N
942
_2
udc
_c
BK
999
_c
48068
_d
48068